Kiểm tra vốn từ của bạn; T3 = Test your vocabulary; T3
Zapisane w:
| 1. autor: | |
|---|---|
| Format: | Książka |
| Język: | Undetermined |
| Wydane: |
Tp. HCM.
Nxb. Tp. HCM.
1997
|
| Etykiety: |
Dodaj etykietę
Nie ma etykietki, Dołącz pierwszą etykiete!
|
| Thư viện lưu trữ: | Trung tâm Học liệu Trường Đại học Cần Thơ |
|---|
| LEADER | 00554nam a2200169Ia 4500 | ||
|---|---|---|---|
| 001 | CTU_22264 | ||
| 008 | 210402s9999 xx 000 0 und d | ||
| 082 | |a 428.24 | ||
| 082 | |b W324/T3 | ||
| 100 | |a Peter Watcyn-Jones | ||
| 245 | 0 | |a Kiểm tra vốn từ của bạn; T3 | |
| 245 | 0 | |b = Test your vocabulary; T3 | |
| 245 | 0 | |c Peter Watcyn-Jones, Nguyễn Trung Tánh, Trịnh Quang Thành, Phạm Tấn Quyền | |
| 260 | |a Tp. HCM. | ||
| 260 | |b Nxb. Tp. HCM. | ||
| 260 | |c 1997 | ||
| 980 | |a Trung tâm Học liệu Trường Đại học Cần Thơ | ||